[Event "Fenain op 3th"]
[Site "Fenain"]
[Date "2001.02.19"]
[Round "4"]
[White "Renard, Stephane"]
[Black "Maquin, Matthieu"]
[Result "1-0"]
[WhiteElo "1940"]
[BlackElo "1690"]
[PlyCount "63"]
[EventDate "2001.02.17"]
[EventType "swiss"]
[EventRounds "7"]
[EventCountry "FRA"]
[SourceTitle "EXT 2020"]
[Source "ChessBase"]
[SourceDate "2019.10.17"]
[SourceVersion "1"]
[SourceVersionDate "2019.10.17"]
[SourceQuality "1"]

1. f4 Nf6 2. b3 d5 3. Bb2 Bf5 4. e3 e6 5. Nf3 Nbd7 6. Nc3 c6 7. Ne2 h6 8. Ng3 Bh7 9. Bd3 Bxd3 10. cxd3 Bd6 11. 0-0 Qc7 12. d4 g5 13. Ne5 gxf4 14. exf4 0-0-0 15. Nxf7 Bxf4 16. Nxd8 Kxd8 17. Qf3 e5 18. dxe5 Bxe5 19. Bxe5 Qxe5 20. Rae1 Qd4+ 21. Qe3 Qxe3+ 22. Rxe3 Ng4 23. Re6 Nc5 24. Rg6 Ne5 25. Rg7 Ned3 26. Nf5 Rf8 27. Nxh6 Rxf1+ 28. Kxf1 Nb4 29. a3 Nc2 30. b4 Nd7 31. g4 Nxa3 32. g5 1-0